Alternatívne prístupy uplatňovania monetárnej politiky

Keynesovský prístup k monetárnej politike. Monetaristický prístup k monetárnej politike. Hayekova teória ekonomického cyklu a monetárnej politiky.

Guardado en:
Detalles Bibliográficos
Autor principal: Lisý, Ján
Formato: Capítulo de libro
Lenguaje:eslovaco
Materias:
Etiquetas: Agregar Etiqueta
Sin Etiquetas, Sea el primero en etiquetar este registro!

MARC

LEADER 00000nla a2200000 4500
001 0240573
005 20240712105137.8
041 0 |a slo 
044 |a SK 
245 1 0 |a Alternatívne prístupy uplatňovania monetárnej politiky  |c Ján Lisý 
520 |a Keynesovský prístup k monetárnej politike. Monetaristický prístup k monetárnej politike. Hayekova teória ekonomického cyklu a monetárnej politiky. 
610 2 0 |a politika menová 
610 2 0 |a teórie ekonomické 
610 2 0 |a monetarizmus 
610 2 0 |a peniaze 
610 2 0 |a miera úroková 
610 2 0 |a stabilita cien 
610 2 0 |a regulácia 
610 2 0 |a úver bankový 
100 1 |a Lisý, Ján